| 000 | 00626nam a22001697a 4500 | ||
|---|---|---|---|
| 003 | OSt | ||
| 005 | 20171010095450.0 | ||
| 008 | 120626t xxu||||| |||| 00| 0 eng d | ||
| 040 |
_aMMSU _cULS |
||
| 100 |
_aCasil, Julius G. _910720 |
||
| 245 |
_aDetermination of angstrom constants used in estimating solar radiation in the cities of Laoag and Batac _cJulius G. Casil |
||
| 260 | _c2008 | ||
| 300 |
_axiii, 63 leaves _c28 cm. |
||
| 500 | _aThesis (BS Agricultural Engineering) -- Mariano Marcos State University-College of Agriculture & Forestry, Batac City | ||
| 504 | _aBibliography: leaves 46-47 | ||
| 942 |
_2ddc _cTHEDIS |
||
| 999 |
_c9600 _d9600 |
||